000 00923nam a2200277 a 4500
008 951212s1978||||CS 0 slo c
020 _c39,50 Kčs.
_q(6000 výtl.)
040 _aSNK
_bslo
_cSNK
_eAACR2
044 _axo
_cSK
080 _a78.071.1(=854):92
080 _a92
080 _a92 Suchoň, Eugen
100 1 _aKresánek, Jozef
245 1 0 _aNárodný umelec Eugen Suchoň
_cJozef Kresánek, Igor Vajda ; Milan Babjak, Eugen - o ňom Suchoň, Danica Štilichová
250 _a2., dopl. vyd.
260 _aBratislava
_bOpus
_c1978
_eŽilina
_fPravda
300 _a250 s., 14,7 AH
_bFot. Noty.
_c24 cm
490 0 _aProfily
500 _aLit. 30. Zozn. diel. Res. rus. a nem. 30 zázn. lit. o knihách a čl. v jaz. slov.
700 1 _aVajda, Igor
_4aut
700 1 _aBabjak, Milan
_4gup
700 1 _aSuchoň, Eugen - o ňom
_4ini
700 1 _aŠtilichová, Danica
_4ini
041 _aslo
958 _aA
999 _c15197
_d15197